<?xml version="1.0" encoding="UTF-8"?>
<record
    xmlns:xsi="http://www.w3.org/2001/XMLSchema-instance"
    xsi:schemaLocation="http://www.loc.gov/MARC21/slim http://www.loc.gov/standards/marcxml/schema/MARC21slim.xsd"
    xmlns="http://www.loc.gov/MARC21/slim">

  <leader>02403nam0a2200361 i 4500</leader>
  <controlfield tag="001">RU\NLR\BIBL_A\010861963</controlfield>
  <controlfield tag="005">20260409075340.0</controlfield>
  <datafield tag="010" ind1=" " ind2=" ">
    <subfield code="a">9785996706655</subfield>
    <subfield code="9">170</subfield>
  </datafield>
  <datafield tag="021" ind1=" " ind2=" ">
    <subfield code="a">RU</subfield>
    <subfield code="b">2015-68565</subfield>
    <subfield code="9">4105</subfield>
  </datafield>
  <datafield tag="035" ind1=" " ind2=" ">
    <subfield code="a">(NILC)RuMoRGB-008014859</subfield>
  </datafield>
  <datafield tag="035" ind1=" " ind2=" ">
    <subfield code="a">(NLR Aleph) 010861963</subfield>
  </datafield>
  <datafield tag="090" ind1=" " ind2=" ">
    <subfield code="a">10425244</subfield>
    <subfield code="c">10425244</subfield>
  </datafield>
  <datafield tag="100" ind1=" " ind2=" ">
    <subfield code="a">20151015d2015    km y0rusy50      ca</subfield>
  </datafield>
  <datafield tag="101" ind1="0" ind2=" ">
    <subfield code="a">rus</subfield>
  </datafield>
  <datafield tag="102" ind1=" " ind2=" ">
    <subfield code="a">RU</subfield>
  </datafield>
  <datafield tag="105" ind1=" " ind2=" ">
    <subfield code="a">y   z   000yy</subfield>
  </datafield>
  <datafield tag="200" ind1="1" ind2=" ">
    <subfield code="a">&#x41D;&#x440;&#x430;&#x432;&#x441;&#x442;&#x432;&#x435;&#x43D;&#x43D;&#x43E;-&#x43F;&#x430;&#x442;&#x440;&#x438;&#x43E;&#x442;&#x438;&#x447;&#x435;&#x441;&#x43A;&#x43E;&#x435; &#x432;&#x43E;&#x441;&#x43F;&#x438;&#x442;&#x430;&#x43D;&#x438;&#x435; &#x434;&#x43E;&#x448;&#x43A;&#x43E;&#x43B;&#x44C;&#x43D;&#x438;&#x43A;&#x43E;&#x432;</subfield>
    <subfield code="e">&#x441;&#x431;&#x43E;&#x440;&#x43D;&#x438;&#x43A; &#x43D;&#x430;&#x443;&#x447;&#x43D;&#x43E;-&#x43C;&#x435;&#x442;&#x43E;&#x434;&#x438;&#x447;&#x435;&#x441;&#x43A;&#x438;&#x445; &#x43C;&#x430;&#x442;&#x435;&#x440;&#x438;&#x430;&#x43B;&#x43E;&#x432;</subfield>
    <subfield code="f">&#x41C;-&#x432;&#x43E; &#x43E;&#x431;&#x440;&#x430;&#x437;&#x43E;&#x432;&#x430;&#x43D;&#x438;&#x44F; &#x438; &#x43D;&#x430;&#x443;&#x43A;&#x438; &#x420;&#x43E;&#x441;&#x441;&#x438;&#x439;&#x441;&#x43A;&#x43E;&#x439; &#x424;&#x435;&#x434;&#x435;&#x440;&#x430;&#x446;&#x438;&#x438;, &#x424;&#x413;&#x411;&#x41E;&#x423; &#x412;&#x41F;&#x41E; "&#x41C;&#x430;&#x433;&#x43D;&#x438;&#x442;&#x43E;&#x433;&#x43E;&#x440;&#x441;&#x43A;&#x438;&#x439; &#x433;&#x43E;&#x441;. &#x442;&#x435;&#x445;&#x43D;&#x438;&#x447;&#x435;&#x441;&#x43A;&#x438;&#x439; &#x443;&#x43D;-&#x442; &#x438;&#x43C;. &#x413;. &#x418;. &#x41D;&#x43E;&#x441;&#x43E;&#x432;&#x430;", &#x418;&#x43D;-&#x442; &#x43F;&#x435;&#x434;&#x430;&#x433;&#x43E;&#x433;&#x438;&#x43A;&#x438;, &#x43F;&#x441;&#x438;&#x445;&#x43E;&#x43B;&#x43E;&#x433;&#x438;&#x438; &#x438; &#x441;&#x43E;&#x446;&#x438;&#x430;&#x43B;&#x44C;&#x43D;&#x43E;&#x439; &#x440;&#x430;&#x431;&#x43E;&#x442;&#x44B;, &#x41A;&#x430;&#x444;. &#x434;&#x43E;&#x448;&#x43A;. &#x43E;&#x431;&#x440;&#x430;&#x437;&#x43E;&#x432;&#x430;&#x43D;&#x438;&#x44F;, &#x423;&#x43F;&#x440;. &#x43E;&#x431;&#x440;&#x430;&#x437;&#x43E;&#x432;&#x430;&#x43D;&#x438;&#x44F; &#x430;&#x434;&#x43C;&#x438;&#x43D;&#x438;&#x441;&#x442;&#x440;&#x430;&#x446;&#x438;&#x438; &#x433;. &#x41C;&#x430;&#x433;&#x43D;&#x438;&#x442;&#x43E;&#x433;&#x43E;&#x440;&#x441;&#x43A;&#x430;, &#x41C;&#x41E;&#x423; &#x414;&#x41F;&#x41E;&#x41F;&#x420; "&#x426;&#x435;&#x43D;&#x442;&#x440; &#x43F;&#x43E;&#x432;&#x44B;&#x448;&#x435;&#x43D;&#x438;&#x44F; &#x43A;&#x432;&#x430;&#x43B;&#x438;&#x444;&#x438;&#x43A;&#x430;&#x446;&#x438;&#x438; &#x438; &#x438;&#x43D;&#x444;&#x43E;&#x440;&#x43C;.-&#x43C;&#x435;&#x442;&#x43E;&#x434;. &#x440;&#x430;&#x431;&#x43E;&#x442;&#x44B;" &#x433;. &#x41C;&#x430;&#x433;&#x43D;&#x438;&#x442;&#x43E;&#x433;&#x43E;&#x440;&#x441;&#x43A;&#x430;</subfield>
    <subfield code="g">[&#x440;&#x435;&#x434;&#x43A;&#x43E;&#x43B;. : &#x415;. &#x421;. &#x411;&#x430;&#x431;&#x443;&#x43D;&#x43E;&#x432;&#x430;, &#x41D;. &#x410;. &#x417;&#x43E;&#x440;&#x438;&#x43D;&#x430;, &#x43E;&#x442;&#x432;. &#x440;&#x435;&#x434;.]</subfield>
  </datafield>
  <datafield tag="210" ind1=" " ind2=" ">
    <subfield code="a">&#x41C;&#x430;&#x433;&#x43D;&#x438;&#x442;&#x43E;&#x433;&#x43E;&#x440;&#x441;&#x43A;</subfield>
    <subfield code="c">&#x41C;&#x413;&#x422;&#x423;</subfield>
    <subfield code="d">2015</subfield>
  </datafield>
  <datafield tag="215" ind1=" " ind2=" ">
    <subfield code="a">500 &#x441;.</subfield>
    <subfield code="c">&#x438;&#x43B;.</subfield>
    <subfield code="d">21</subfield>
  </datafield>
  <datafield tag="320" ind1=" " ind2=" ">
    <subfield code="a">&#x411;&#x438;&#x431;&#x43B;&#x438;&#x43E;&#x433;&#x440;. &#x432; &#x43A;&#x43E;&#x43D;&#x446;&#x435; &#x441;&#x442;.</subfield>
  </datafield>
  <datafield tag="606" ind1=" " ind2=" ">
    <subfield code="a">&#x414;&#x43E;&#x448;&#x43A;&#x43E;&#x43B;&#x44C;&#x43D;&#x438;&#x43A;&#x438;</subfield>
    <subfield code="j">&#x421;&#x431;&#x43E;&#x440;&#x43D;&#x438;&#x43A;&#x438;</subfield>
    <subfield code="x">&#x41F;&#x430;&#x442;&#x440;&#x438;&#x43E;&#x442;&#x438;&#x447;&#x435;&#x441;&#x43A;&#x43E;&#x435; &#x432;&#x43E;&#x441;&#x43F;&#x438;&#x442;&#x430;&#x43D;&#x438;&#x435;</subfield>
    <subfield code="9">2423492</subfield>
    <subfield code="3">RU\NLR\AUTH\661443064</subfield>
  </datafield>
  <datafield tag="606" ind1=" " ind2=" ">
    <subfield code="a">&#x414;&#x43E;&#x448;&#x43A;&#x43E;&#x43B;&#x44C;&#x43D;&#x438;&#x43A;&#x438;</subfield>
    <subfield code="x">&#x41D;&#x440;&#x430;&#x432;&#x441;&#x442;&#x432;&#x435;&#x43D;&#x43D;&#x43E;&#x435; &#x432;&#x43E;&#x441;&#x43F;&#x438;&#x442;&#x430;&#x43D;&#x438;&#x435;</subfield>
    <subfield code="j">&#x421;&#x431;&#x43E;&#x440;&#x43D;&#x438;&#x43A;&#x438;</subfield>
    <subfield code="3">RU\NLR\AUTH\661449101</subfield>
    <subfield code="9">2435112</subfield>
  </datafield>
  <datafield tag="610" ind1="0" ind2=" ">
    <subfield code="a">&#x43F;&#x430;&#x442;&#x440;&#x438;&#x43E;&#x442;&#x438;&#x447;&#x435;&#x441;&#x43A;&#x43E;&#x435; &#x432;&#x43E;&#x441;&#x43F;&#x438;&#x442;&#x430;&#x43D;&#x438;&#x435; &#x434;&#x43E;&#x448;&#x43A;&#x43E;&#x43B;&#x44C;&#x43D;&#x438;&#x43A;&#x43E;&#x432;</subfield>
  </datafield>
  <datafield tag="675" ind1=" " ind2=" ">
    <subfield code="a">373</subfield>
  </datafield>
  <datafield tag="686" ind1="1" ind2=" ">
    <subfield code="a">&#x427;411.352&#x44F;43</subfield>
  </datafield>
  <datafield tag="702" ind1=" " ind2="1">
    <subfield code="a">&#x417;&#x43E;&#x440;&#x438;&#x43D;&#x430;</subfield>
    <subfield code="b">&#x41D;. &#x410;.</subfield>
    <subfield code="g">&#x41D;&#x430;&#x434;&#x435;&#x436;&#x434;&#x430; &#x410;&#x43D;&#x434;&#x440;&#x435;&#x435;&#x432;&#x43D;&#x430;</subfield>
    <subfield code="4">340</subfield>
  </datafield>
  <datafield tag="712" ind1="0" ind2="2">
    <subfield code="4">570</subfield>
    <subfield code="a">&#x41C;&#x430;&#x433;&#x43D;&#x438;&#x442;&#x43E;&#x433;&#x43E;&#x440;&#x441;&#x43A;&#x438;&#x439; &#x433;&#x43E;&#x441;&#x443;&#x434;&#x430;&#x440;&#x441;&#x442;&#x432;&#x435;&#x43D;&#x43D;&#x44B;&#x439; &#x442;&#x435;&#x445;&#x43D;&#x438;&#x447;&#x435;&#x441;&#x43A;&#x438;&#x439; &#x443;&#x43D;&#x438;&#x432;&#x435;&#x440;&#x441;&#x438;&#x442;&#x435;&#x442; &#x438;&#x43C;. &#x413;. &#x418;. &#x41D;&#x43E;&#x441;&#x43E;&#x432;&#x430;</subfield>
    <subfield code="b">&#x418;&#x43D;&#x441;&#x442;&#x438;&#x442;&#x443;&#x442; &#x43F;&#x435;&#x434;&#x430;&#x433;&#x43E;&#x433;&#x438;&#x43A;&#x438;, &#x43F;&#x441;&#x438;&#x445;&#x43E;&#x43B;&#x43E;&#x433;&#x438;&#x438; &#x438; &#x441;&#x43E;&#x446;&#x438;&#x430;&#x43B;&#x44C;&#x43D;&#x43E;&#x439; &#x440;&#x430;&#x431;&#x43E;&#x442;&#x44B;</subfield>
    <subfield code="b">&#x41A;&#x430;&#x444;&#x435;&#x434;&#x440;&#x430; &#x434;&#x43E;&#x448;&#x43A;&#x43E;&#x43B;&#x44C;&#x43D;&#x43E;&#x433;&#x43E; &#x43E;&#x431;&#x440;&#x430;&#x437;&#x43E;&#x432;&#x430;&#x43D;&#x438;&#x44F;</subfield>
    <subfield code="9">487387</subfield>
    <subfield code="3">RU\NLR\AUTH\880410903</subfield>
  </datafield>
  <datafield tag="801" ind1=" " ind2="0">
    <subfield code="a">RU</subfield>
    <subfield code="b">&#x420;&#x413;&#x411;</subfield>
    <subfield code="c">20150907</subfield>
    <subfield code="g">RCR</subfield>
  </datafield>
  <datafield tag="942" ind1=" " ind2=" ">
    <subfield code="c">BOOK</subfield>
  </datafield>
  <datafield tag="980" ind1=" " ind2=" ">
    <subfield code="a">NBR</subfield>
  </datafield>
</record>
